Cuadernos de relaciones laborales

Detalles Bibliográficos
Formato: Desconocido
Lenguaje:español
Publicado: Madrid : Universidad Complutense de Madrid, Servicio de Publicaciones
Materias:
Acceso en línea:Acceso restringido

MARC

LEADER 00000ny a22000003n 4500
005 20110516110128.0
008 071017c19uu9999sp mr pss 0 a0spa d
022 |a 1131-8635 
022 |a 1988-2572 
035 |a 5162 
040 |a BUS  |d vLex 
090 |c 1932  |d 1932 
245 3 0 |a Cuadernos de relaciones laborales  |h [Recurso electrn̤ico] 
256 |a Servicio en ln̕ea 
260 |a Madrid :  |b Universidad Complutense de Madrid, Servicio de Publicaciones 
310 |a Semestral 
506 1 |a Contenido solo disponible en los productos indicados  |d vLex Global  |d vLex Global (Academic Edition, excluding Law Schools)  |d vLex Global (U.S. Academic Edition, excluding Law Schools) 
650 0 4 |a Relaciones laborales  |2 Tesauro vLex 
740 |a vLex Revista (Servicios en ln̕ea) 
843 |a Electrn̤ica. Abierta 
853 |8 1  |i (year)  |j (month)  |k (day) 
856 4 0 |u http://vlex.com/source/5162  |z Acceso restringido 
942 |c REV